|
|
|
|
| LEADER |
00000cam a22000004a 4500 |
| 001 |
musev2_50686 |
| 003 |
MdBmJHUP |
| 005 |
20230905045222.0 |
| 006 |
m o d |
| 007 |
cr||||||||nn|n |
| 008 |
151108s2016 nyu o 00 0 eng d |
| 010 |
|
|
|z 2015042263
|
| 040 |
|
|
|a MdBmJHUP
|c MdBmJHUP
|
| 050 |
0 |
4 |
|a B2430.F724
|b L96 2016
|
| 082 |
0 |
|
|a 170.92
|2 23
|
| 100 |
1 |
|
|a Lynch, Richard A.,
|d 1967-
|e author.
|
| 245 |
1 |
0 |
|a Foucault's Critical Ethics /
|c Richard A. Lynch.
|
| 250 |
|
|
|a First edition.
|
| 264 |
|
1 |
|a New York :
|b Fordham University Press,
|c 2016.
|
| 264 |
|
3 |
|a Baltimore, Md. :
|b Project MUSE,
|c 0000
|
| 264 |
|
4 |
|c ©2016.
|
| 300 |
|
|
|a 1 online resource.
|
| 336 |
|
|
|a text
|b txt
|2 rdacontent
|
| 337 |
|
|
|a computer
|b c
|2 rdamedia
|
| 338 |
|
|
|a online resource
|b cr
|2 rdacarrier
|
| 490 |
0 |
|
|a Just ideas
|
| 504 |
|
|
|a Includes bibliographical references (pages 207-229) and index.
|
| 505 |
0 |
|
|a Michel Foucault as critical theorist -- Approaching power from a new theoretical basis -- Disciplinary power: testing the Hobbesian hypothesis -- Reframing the theory: biopower and governmentality -- Freedom's critique: the trajectories of a Foucauldian ethics -- To struggle with hope.
|
| 588 |
|
|
|a Description based on print version record.
|
| 600 |
1 |
0 |
|a Foucault, Michel,
|d 1926-1984.
|
| 650 |
|
0 |
|a Power (Philosophy)
|
| 650 |
|
0 |
|a Ethics.
|
| 655 |
|
7 |
|a Electronic books.
|2 local
|
| 776 |
1 |
8 |
|i Online version:
|a Lynch, Richard A., 1967- author.
|t Foucault's critical ethics
|b First edition.
|d New York, NY : Fordham University Press, 2016
|z 9780823271269
|w (DLC) 2016013129
|
| 710 |
2 |
|
|a Project Muse.
|e distributor
|
| 830 |
|
0 |
|a Book collections on Project MUSE.
|
| 856 |
4 |
0 |
|z Texto completo
|u https://projectmuse.uam.elogim.com/book/50686/
|
| 945 |
|
|
|a Project MUSE - Custom Collection
|